Teams to Have Won the UEFA Football Treble - Statistics

General Stats
  • This quiz has been taken 258 times
  • The average score is 8 of 9
Answer Stats
Season Club % Correct
2008-09 FC Barcelona
98%
2014-15 FC Barcelona
98%
2012-13 FC Bayern Munich
97%
2019-20 FC Bayern Munich
97%
2009-10 Inter Milan
91%
1998-99 Manchester United
90%
1971-72 Ajax Amsterdam
81%
1966-67 Celtic Glasgow
62%
1987-88 PSV Eindhoven
54%
No matching quizzes found
Score Distribution
Percent of People with Each Score
Percentile by Number Answered
Your Score History
You have not taken this quiz